00743nam a2200205 a 450000100100000000500170001000800410002702000150006804000250008308200170010810000270012524501130015226000470026530000210031249000180033370000290035183000250038095201150040599900170052000004236020201002040114.0131127s1994 ag 000 0 spa d a9507300163 aDO-SdBNPbspacBNPHU axxxxxbxxxxx1 aDoman, Fabián96943214aLos Angeles de Charly :bsecretos y susurros de las mujeres en el poder /cFabián Doman, Martín Olivera. aArgentina :bEdiciones THbPlaneta,c1994. a279 p. ;c21 cm.1 aArgentina hoy1 aOlivera, Martín969433 0aArgentina hoy969434 001050718MOaGRbGRcHDd2013-11-27iLF1l0oxxxxx xxxxxp42360-10r2020-06-25w2020-06-25y1ZNo se presta c41849d41849